Consultation (Record no. 111514)

MARC details
000 -LEADER
fixed length control field 01187cad a22001935a 4500
001 - CONTROL NUMBER
control field L151649
008 - FIXED-LENGTH DATA ELEMENTS--GENERAL INFORMATION
fixed length control field 101124s2010 xxk f 000 0 eng d
035 ## - SYSTEM CONTROL NUMBER
System control number (Sirsi) u151649
041 0# - LANGUAGE CODE
Language code of text/sound track or separate title eng
110 2# - MAIN ENTRY--CORPORATE NAME
Corporate name or jurisdiction name as entry element United Kingdom
Subordinate unit Department for Environment, Food and Rural Affairs
245 00 - TITLE STATEMENT
Title Consultation
Remainder of title future funding of flood and coastal erosion risk management in England
Medium [electronic resource]
260 ## - PUBLICATION, DISTRIBUTION, ETC.
Place of publication, distribution, etc. London
Name of publisher, distributor, etc. DEFRA
Date of publication, distribution, etc. 2010
520 ## - SUMMARY, ETC.
Summary, etc. Coastal erosion and flooding consultation invites views on how capital grant in aid is allocated to projects in England. A change in the system is proposed whereby national budgets are no longer focused on the costs of managing risk but pay for a share of the benefits when risk outcomes are achieved. It is hoped that the changes would mean that more projects would proceed than under the present system. The consultation ends on the 16 February 2011.
590 ## - LOCAL NOTE (RLIN)
Local note KA NTK
651 #4 - SUBJECT ADDED ENTRY--GEOGRAPHIC NAME
Geographic name England
Chronological subdivision 886-
690 ## - LOCAL SUBJECT ADDED ENTRY--TOPICAL TERM (OCLC, RLIN)
Topical term or geographic name as entry element ENVIRONMENTAL AND LAND CONSULTANCY-WATER RESOURCE MANAGEMENT-FLOODING
856 40 - ELECTRONIC LOCATION AND ACCESS
Uniform Resource Identifier <a href="https://archive.defra.gov.uk/corporate/consult/flood-coastal-erosion/">https://archive.defra.gov.uk/corporate/consult/flood-coastal-erosion/</a>
Public note View the item free of charge at www.defra.gov.uk
942 ## - ADDED ENTRY ELEMENTS (KOHA)
Suppress in OPAC 0
Holdings
Withdrawn status Lost status Source of classification or shelving scheme Damaged status Not for loan Home library Current library Shelving location Date acquired Total Checkouts Full call number Barcode Date last seen Copy number Price effective from Koha item type
    Dewey Decimal Classification     Virtual Virtual Online 24/11/2010   ONLINE PUBLICATION 151649-2001 06/08/2019 1 06/08/2019 Book